| 000 | 00438nam a2200169Ia 4500 | ||
|---|---|---|---|
| 999 |
_c40374 _d40374 |
||
| 003 | OSt | ||
| 005 | 20200928144152.0 | ||
| 008 | 190216s9999||||xx |||||||||||||| ||und|| | ||
| 040 | _coclc | ||
| 082 |
_a590 _bBHA/P |
||
| 100 |
_aBhaskaran, K K _94912 |
||
| 245 | 0 |
_aPre Degree Zoology / _cK K Bhaskaran |
|
| 260 | _bWb Saunders, | ||
| 300 | _a56p | ||
| 650 | _aZoology | ||
| 942 |
_cBK _2ddc _h590 _iBHA/P _k590 _mBHA/P |
||